Valuation of farm buildings. (Record no. 60717)
[ view plain ]
| 000 -LEADER | |
|---|---|
| fixed length control field | 00716cam a2200181 4500 |
| 001 - CONTROL NUMBER | |
| control field | ABS61031 |
| 008 - FIXED-LENGTH DATA ELEMENTS--GENERAL INFORMATION | |
| fixed length control field | 000000n1999 000 0 eng u |
| 035 ## - SYSTEM CONTROL NUMBER | |
| System control number | (Sirsi) u101585 |
| 100 ## - MAIN ENTRY--PERSONAL NAME | |
| Personal name | Hoare, D. |
| 245 ## - TITLE STATEMENT | |
| Title | Valuation of farm buildings. |
| 260 ## - PUBLICATION, DISTRIBUTION, ETC. | |
| Date of publication, distribution, etc. | 1999 |
| 490 ## - SERIES STATEMENT | |
| Series statement | CSM |
| -- | Chartered Surveyor Monthly |
| Volume/sequential designation | 8(11/12) July/August 1999, 26(1) |
| 520 ## - SUMMARY, ETC. | |
| Summary, etc. | This article forms the basis of a proposed guidance note on the valuation of farm buildings for inclusion in the Red Book. Comments on the content of the guidance note should be sent to Kenneth Bartlett, Professional Services Department at the RICS. |
| 650 ## - SUBJECT ADDED ENTRY--TOPICAL TERM | |
| Topical term or geographic name entry element | FARMS |
| 650 ## - SUBJECT ADDED ENTRY--TOPICAL TERM | |
| Topical term or geographic name entry element | AGRICULTURAL PROPERTY |
| 690 ## - LOCAL SUBJECT ADDED ENTRY--TOPICAL TERM (OCLC, RLIN) | |
| Topical term or geographic name as entry element | RATING AND VALUATION |
| 942 ## - ADDED ENTRY ELEMENTS (KOHA) | |
| Suppress in OPAC | 0 |
| Withdrawn status | Lost status | Source of classification or shelving scheme | Damaged status | Not for loan | Home library | Current library | Shelving location | Date acquired | Total Checkouts | Full call number | Barcode | Date last seen | Copy number | Price effective from | Koha item type |
|---|---|---|---|---|---|---|---|---|---|---|---|---|---|---|---|
| Dewey Decimal Classification | London | London | Journal article | 05/11/1999 | ABS61031 | 101585-1001 | 06/08/2019 | 1 | 06/08/2019 | Journal article |